00397nam a2200133Ia 4500008004100000020001500041041001200056082001600068100001800084245010700102260002500209300000800234650002100242221030s9999 xx 000 0 und d a812030618x aEnglish a105.23bGro aM. P. Groover 0aAutomation, Production Systems & Computer - Integrated Manufacturing (DEPARTMENTAL )cby M. P. Groover bPHIaNew Delhic1999 a808 aCSE Departmental